| 000 | 01394cam a2200361 i 4500 | ||
|---|---|---|---|
| 999 |
_c330113 _d330113 |
||
| 001 | 18045396 | ||
| 003 | NUST | ||
| 005 | 20170608125346.0 | ||
| 008 | 140224s2012 pk ab s 000 0 eng | ||
| 010 | _a 2014323193 | ||
| 025 | _aP-E-2014323193; 22 | ||
| 037 | _bLibrary of Congress -- Islamabad Overseas Office | ||
| 040 |
_aDLC _beng _cDLC _erda |
||
| 042 |
_alcode _apcc |
||
| 043 | _aa-pk--- | ||
| 050 | 0 | 0 |
_aHQ1745.5.Z8 _bS572 2012 |
| 082 | _a363.72 | ||
| 245 | 0 | 0 |
_aClimate change and women : _ba study in selected sites in rural Sindh, Pakistan, 2011 / _cedited by Shahina Hanif. |
| 264 | 1 |
_aLahore : _bShirkat Gah, _c2012. |
|
| 300 |
_a74 pages : _bcolor illustrations, maps ; _c25 cm |
||
| 336 |
_atext _2rdacontent |
||
| 337 |
_aunmediated _2rdamedia |
||
| 338 |
_avolume _2rdacarrier |
||
| 500 | _aIncludes statistical tables. | ||
| 650 | 0 |
_aWomen _zPakistan _zSindh _xSocial conditions. _92312 |
|
| 650 | 0 |
_aWomen _zPakistan _zSindh _xEconomic conditions. _92313 |
|
| 650 | 0 |
_aClimatic changes _xSocial aspects _zPakistan _zSindh. _92314 |
|
| 650 | 0 |
_aClimatic changes _xEconomic aspects _zPakistan _zSindh. _92315 |
|
| 700 | 1 |
_aHanif, Shahina, _eeditor. _92316 |
|
| 710 | 1 |
_aShirkat Gah. _92317 |
|
| 906 |
_a7 _bcbc _corigode _d3 _encip _f20 _gy-gencatlg |
||
| 942 |
_2ddc _cBK |
||